000 01236nas a2200361 4500
001 BR2013000292
003 BR-BrBNA
005 20231205121759.0
007 ta
008 230509b bl.|||p| |||| 00| 00por d
040 _aBR-BrBNA
_bpor
_cBiblioteca Nacional de Agricultura
041 _a(Pt)
072 _aL74
100 1 _aAlmeida, M.B.
100 1 _aPriebe, A.P.S.
100 1 _aRiet-Correa, B.
100 1 _aRiet-Correa, G.
100 1 _aFiss, L.
100 1 _aRaffi, M.B.
100 1 _aSchild, A.L.
245 1 _aEvolução e reversibilidade das lesões neurológicas e cardíacas em ovinos intoxicados experimentalmente por Ateleia glazioviana e Tetrapterys multiglandulosa
246 1 _aEvolution and reversibility of neurologic and cardiac lesions in sheep caused by Ateleia glazioviana and Tetrapterys multiglandulosa
650 _aOVINO
650 _aINTOXICAÇÃO
650 _aPLANTA TÓXICA
650 _aCEREBRO
650 _aCORAÇÃO
650 _aLESÃO
650 _aEXPERIÊNCIA DE LABORATÓRIO
773 0 _tPesquisa Veterinária Brasileira (Brazil)
_xISSN 0100-736X
_g(Mar 2008), v. 28(3) p. 129-134
_wBR2013000292
909 _a202311
_bLúcia
_c55
_dLúcia Elande
942 _2AGRIS
_n0
_cANA
999 _c225216
_d225216